00538nam a2200205Ia 4500008004100000020002200041050001700063050001600080100001900096245002800115245004600143260001300189260002600202260000900228300001600237300002800253300001100281500002000292650002000312191119s9999 xx 000 0 und d a978-1-84949-957-6 aCUL TX 724.5 b.A1G73 2017 aGranger, Bill. 0aBill's everyday Asian / 0cBill Granger; photography by Mikkel Vang. aLondon : bQuadrille Publishing, c2017 a255 pages : bcolored illustrations ; c25 cm. aIncludes index. aCooking, Asian.